MARC

LEADER 00000nam0a2200000 4500
001 282386
005 20231101235508.0
020 |a RU  |b 84-77178 
035 |a (RuTPU)RU\TPU\book\306274 
090 |a 282386 
100 |a 20150130d1984 km y0rusy5003 ca 
101 0 |a rus 
102 |a RU 
105 |a y z 001zy 
200 1 |a Организация и совершенствование системы управления промышленностью Урала (1917-1925 гг.)  |f Г. Г. Гараев 
210 |a Томск  |c Изд-во Томского ун-та  |d 1984 
215 |a 208 с. 
320 |a Библиогр.: с. 197-207 
606 1 |a КПСС  |x Экономическая политика  |2 stltpush  |3 (RuTPU)RU\TPU\subj\14889  |9 41209 
606 1 |a Экономика  |y Россия  |y Урал, Приуралье  |2 stltpush  |3 (RuTPU)RU\TPU\subj\64431  |9 81329 
610 1 |a история 
610 1 |a экономическая политика 
610 1 |a Коммунистическая партия Советского Союза 
610 1 |a Урал 
610 1 |a промышленность 
610 1 |a экономическая история 
610 1 |a СССР 
610 1 |a 20 век 
610 1 |a партийные организации 
610 1 |a партийное руководство 
686 |a Ф61(2)43  |2 rubbk 
686 |a У9(2Р36)  |2 rubbk 
700 1 |a Гараев  |b Г. Г.  |g Герман Гараевич  |4 070 
801 0 |a RU  |b RuMRKP  |c 19950704  |g psbo 
801 1 |a RU  |b 63413507  |c 20150130 
801 2 |a RU  |b 63413507  |c 20170207  |g RCR 
942 |c BK